000 01230nam a2200265 4500
003 OTs
005 20260601193903.0
008 260508b2011 xxu||||| |||| 00| 0 eng d
020 _a9780870708084
040 _aICI
_bspa
_cICI
_erda
050 0 _aNK2117.K5
_bL36 2011
100 1 _aLantz, Juliet Kinchin.
_eautor
_934209
245 1 _aCounter space :
_bDesign and the modern kitchen /
_cJuliet Kinchin and Aidan O'Connor.
264 _aNew York :
_bMuseum of Modern Art,
_c 2011.
300 _a88 páginas :
_b ilustraciones (color y blanco y negro) ;
336 _2rdacontent
_atexto
337 _2rdamedia
_asin medio
338 _2rdacarrier
_avolumen
500 _aPublicado con motivo de la exposición celebrada en el Museum of Modern Art, Nueva York, del 15 de diciembre de 2010 al 14 de marzo de 2011.Publicado con motivo de la exposición celebrada en el Museum of Modern Art, Nueva York, del 15 de diciembre de 2010 al 14 de marzo de 2011.
650 _aCocinas
_vExposiciones.
_xDiseño y construcción
_934210
650 _aUtensilios de cocina
_v Exposiciones.
_xDiseño
_x Historia
_y Siglo XX
_934211
700 1 _aO'Connor, Aidan.
_934212
710 2 _aMuseum of Modern Art (New York, N.Y.)
942 _2lcc
_n1
_cB
999 _c22322
_d22322